书目信息 |
| 题名: |
民间刺绣
|
|
| 作者: | 李友友 编著 | |
| 分册: | ||
| 出版信息: | 北京 中国轻工业出版社 2005 |
|
| 页数: | 139页 | |
| 开本: | 19cm | |
| 丛书名: | 中国民间工艺风采丛书 | |
| 单 册: | ||
| 中图分类: | J523.6 | |
| 科图分类: | ||
| 主题词: | 刺绣--民间工艺--工艺美术--中国--图集 , 刺绣 , 民间工艺 , 工艺美术 | |
| 电子资源: | ||
| ISBN: | 7-5019-4549-7 | |
| 000 | 00887oam2 2200289 450 | |
| 001 | 0900000025936 | |
| 005 | 20061203161911.65 | |
| 010 | @a7-5019-4549-7@dCNY36.00 | |
| 100 | @a20050322d2005 ekmy0chiy0120 ea | |
| 101 | 0 | @achi |
| 102 | @aCN@b110000 | |
| 105 | @aa z 000yy | |
| 200 | 1 | @a民间刺绣@9min jian ci xiu@f李友友编著@Fli you you bian zhu |
| 210 | @a北京@c中国轻工业出版社@d2005 | |
| 215 | @a139页@c图@d19cm | |
| 225 | 2 | @a中国民间工艺风采丛书 |
| 330 | @a本书为读者提供了大量有关刺绣的图片,并在图旁附有详尽的介绍性文字,针对每种刺绣方法有具体的讲解。 | |
| 410 | 0 | @12001 @a中国民间工艺风采丛书 |
| 606 | 0 | @a刺绣@x民间工艺@x工艺美术@y中国@j图集 |
| 606 | 0 | @a刺绣 |
| 606 | 0 | @a民间工艺 |
| 606 | 0 | @a工艺美术 |
| 690 | @aJ523.6@v4 | |
| 701 | 0 | @a李友友@Ali you you@4编著 |
| 801 | 0 | @aCN@bCXYBOOK@c20061203 |
| 905 | @a10447@dJ523.6@e132 | |
| 999 | @aZXL@eJDD | |
| 民间刺绣/李友友编著.-北京:中国轻工业出版社,2005 |
| 139页:图;19cm.-(中国民间工艺风采丛书) |
| ISBN 7-5019-4549-7:CNY36.00 |
| 本书为读者提供了大量有关刺绣的图片,并在图旁附有详尽的介绍性文字,针对每种刺绣方法有具体的讲解。 |
| ● |
| 相关链接 |
|
|
|
|
正题名:民间刺绣
索取号:J523.6/132
 
预约/预借
| 序号 | 登录号 | 条形码 | 馆藏地/架位号 | 状态 | 备注 |
| 1 | 0370745 | 203707453 | 第一样本阅览室/ [索取号:J523.6/132] | 在馆 | |
| 2 | 0370746 | 203707462 | 第一借阅区/ [索取号:J523.6/132] | 在馆 | |
| 3 | 0370747 | 203707471 | 第一借阅区/ [索取号:J523.6/132] | 在馆 | |
| 4 | 0370748 | 203707480 | 第一借阅区/ [索取号:J523.6/132] | 在馆 | |
| 5 | 0610972 | 206109726 | 第一借阅区/ [索取号:J523.6/132] | 在馆 | |
| 6 | 0610973 | 206109735 | 第一借阅区/ [索取号:J523.6/132] | 在馆 | |
| 7 | 0610974 | 206109744 | 第一借阅区/ [索取号:J523.6/132] | 在馆 |